[Event "Masters"]
[Site "Hastings ENG"]
[Date "2006.01.05"]
[Round "9"]
[White "Lalic,B"]
[Black "Kjartansson,G"]
[Result "1/2-1/2"]
[WhiteElo "2490"]
[BlackElo "2257"]

1.Nf3 Nf6 2.c4 b6 3.g3 c5 4.Bg2 Bb7 5.O-O g6 6.Nc3 Bg7 7.d4 cxd4 8.Qxd4 d6
9.Be3 Nbd7 10.Rfd1 O-O 11.Qh4 Rc8 12.Rac1 a6 13.b3 Rc7 14.Bh3 Nc5 15.g4 Qa8
16.Nd2 h5 17.g5 Nfd7 18.Bd4 Ne6 19.Bxg7 Nxg7 20.Nf1 Nc5 21.Ne3 Qd8 22.Ned5 Bxd5
23.Nxd5 Rb7 24.b4 Nce6 25.f4 Nc7 26.Qf2 b5 27.Qe3 Nxd5 28.cxd5 Qa8 29.Rc3 Kh7
30.Rdc1 f6 31.Rc8 Rxc8 32.Rxc8 Qa7 33.Qxa7 Rxa7 34.gxf6 exf6 35.Rd8 a5 36.bxa5 Rxa5
37.Rxd6 Rxa2 38.Kf2 f5 39.Rb6 Rb2 40.Bg2 Ne8 41.Ke3 Rb1 42.Kd4 b4 43.d6 b3
44.Bd5 Nxd6 45.Rxd6 b2 46.Kc3 Re1 47.Kxb2 Rxe2+ 48.Kc3 Rxh2 49.Kd4 Re2 50.Rd7+ Kh6
51.Kd3 Re1 52.Kd2 Rf1 53.Ke3 Rd1 54.Rd8 h4 55.Rh8+ Kg7 56.Bf3 Re1+ 57.Kf2 Kxh8
58.Kxe1 Kg7 59.Kf2 g5 60.fxg5 Kg6  1/2-1/2

[Event "Open"]
[Site "Verona ITA"]
[Date "2006.01.09"]
[Round "9"]
[White "Rotstein,A"]
[Black "Estremera Panos,S"]
[Result "1-0"]
[WhiteElo "2528"]
[BlackElo "2366"]

1.Nf3 Nf6 2.c4 b6 3.g3 c5 4.Bg2 Bb7 5.O-O g6 6.Nc3 Bg7 7.d4 cxd4 8.Qxd4 d6
9.Rd1 Nbd7 10.Be3 Rc8 11.Rac1 a6 12.b3 O-O 13.Qh4 Rc7 14.Bh3 Qb8 15.g4 e6
16.g5 Ne8 17.Bd4 b5 18.Bxg7 Nxg7 19.cxb5 Rfc8 20.Qb4 Rc5 21.bxa6 Bxf3 22.Qxb8 Nxb8
23.exf3 Nxa6 24.Ne2 Rxg5+ 25.Ng3 Rxc1 26.Rxc1 Nh5 27.Bf1 Nb4 28.a4 d5 29.a5 d4
30.Rc4 Na2 31.a6 Nxg3 32.hxg3 Ra5 33.Rxd4  1-0

[Event "Winter Cup"]
[Site "Bucharest ROM"]
[Date "2006.01.16"]
[Round "3"]
[White "Badea,B"]
[Black "Ionescu,Co"]
[Result "1/2-1/2"]
[WhiteElo "2492"]
[BlackElo "2450"]

1.c4 c5 2.Nf3 Nf6 3.g3 b6 4.Bg2 Bb7 5.O-O g6 6.Nc3 Bg7 7.d4 cxd4 8.Qxd4 d6
9.Be3 Nbd7 10.Rfd1 O-O  1/2-1/2

[Event "2nd Bundesliga West 2005-6"]
[Site "Austria AUT"]
[Date "2006.01.21"]
[Round "7"]
[White "Mrva,Mart"]
[Black "Schmidt,Geo"]
[Result "1-0"]
[WhiteElo "2502"]
[BlackElo "2363"]

1.Nf3 Nf6 2.c4 c5 3.g3 b6 4.Bg2 Bb7 5.O-O g6 6.Re1 Bg7 7.Nc3 O-O 8.e4 d6
9.d4 cxd4 10.Nxd4 Qc8 11.Nd5 Re8 12.Bg5 Nbd7 13.Nb5 Nxd5 14.cxd5 a6 15.Nd4 a5
16.Bh3 Qd8 17.Rc1 Nc5 18.b3 h6 19.Bf4 g5 20.Nf5 Bc8 21.Be3 Bxf5 22.exf5 Nd7
23.Bf1 Rc8 24.Bb5 Rxc1 25.Bxc1 Rf8 26.Qe2 Ne5 27.f4 gxf4 28.gxf4 Nd7 29.Qxe7 Bd4+
30.Kg2 Nf6 31.Qxd8 Rxd8 32.Rd1 Bc5 33.Kf3 Ne8 34.Bb2 Nc7 35.Bc6 Rf8 36.Rd2 f6
37.Rg2+ Kh7 38.Rg6 Ne8 39.Kg4 Ng7 40.Bxf6 Nxf5 41.Kxf5  1-0

[Event "TCh-HUN 2005-6"]
[Site "Hungary HUN"]
[Date "2006.01.22"]
[Round "6"]
[White "Feher,T"]
[Black "Krutti,V"]
[Result "0-1"]
[WhiteElo "2263"]
[BlackElo "2381"]

1.Nf3 Nf6 2.g3 b6 3.Bg2 Bb7 4.O-O c5 5.c4 g6 6.b3 Bg7 7.Bb2 O-O 8.Nc3 d6
9.d4 cxd4 10.Nxd4 Bxg2 11.Kxg2 Qc8 12.f3 Qb7 13.e4 Nbd7 14.Nd5 Rfe8 15.Qd2 a6
16.a4 e6 17.Nxf6+ Nxf6 18.b4 d5 19.exd5 exd5 20.c5 bxc5 21.bxc5 Rab8 22.Ba3 Qc7
23.c6 Nh5 24.Rac1 Be5 25.f4 Bf6 26.Bc5 Be7 27.Bxe7 Rxe7 28.f5 Re4 29.fxg6 hxg6
30.Nf3 Rg4 31.Ng5 Nxg3 32.Rxf7 Ne4+ 33.Kh1 Qe5 34.c7 Rc8 35.Nf3 Qe6 36.Re7 Qxe7
37.Qxd5+ Kh7 38.Rf1 Rxc7 39.Ne5 Nf2+  0-1

[Event "ch-Kyiv"]
[Site "Kyiv UKR"]
[Date "2006.01.28"]
[Round "5"]
[White "Brozhik,V"]
[Black "Zhizmer,Y"]
[Result "1/2-1/2"]
[WhiteElo "2146"]
[BlackElo "2413"]

1.Nf3 c5 2.g3 b6 3.Bg2 Bb7 4.c4 Nf6 5.O-O g6 6.b3 Bg7 7.Bb2 O-O 8.d3 e6 9.Nbd2 d5
10.cxd5 exd5 11.d4 Nbd7 12.dxc5 bxc5 13.e3 Re8 14.Qc2 Rc8 15.Rfd1 Qc7 16.Rac1 Qb8
17.Qc3 Ba6 18.Qa5 Be2 19.Re1 Bd3 20.Bh3 Qb6 21.Qxb6 axb6 22.Bxf6 Nxf6 23.Bxc8 Rxc8
24.Ne5 Bf5 25.f3 Re8 26.f4 h5 27.a4 Rc8 28.Kg2 Ne4 29.Nxe4 Bxe4+ 30.Kf2 Rc7
31.Red1 Bf8 32.Rd2 f6 33.Nf3 Ra7 34.Ra2 b5 35.Rca1 b4 36.Rd2 Kf7 37.h3 Ke6
38.g4 hxg4 39.hxg4 Bg7 40.Rc1 Ra5 41.Rdd1 Ke7 42.f5 gxf5 43.gxf5 Kd6 44.Nd2 Ke5
45.Nxe4 Kxe4 46.Ke2 Bh6 47.Rh1 Bg5 48.Rcd1 Ra8 49.Rh7 Re8 50.Rd7 Bxe3 51.R1xd5 Rh8
52.Kd1 Rh2 53.Rd3 Rb2 54.R7d6 Bd4 55.Rh3 Ra2 56.Rh4+ Ke5 57.Rd8 Rb2 58.Rh3 Kxf5
59.a5 Ra2 60.Ra8 Bc3 61.a6  1/2-1/2

[Event "Aeroflot Open"]
[Site "Moscow RUS"]
[Date "2006.02.08"]
[Round "1"]
[White "Bu Xiangzhi"]
[Black "Shchekachev,A"]
[Result "1-0"]
[WhiteElo "2645"]
[BlackElo "2570"]

1.Nf3 Nf6 2.c4 b6 3.g3 c5 4.Bg2 Bb7 5.O-O g6 6.Nc3 Bg7 7.d4 cxd4 8.Qxd4 d6
9.Rd1 Nbd7 10.Be3 Rc8 11.Rac1 O-O 12.Qh4 a6 13.b3 Rc7 14.g4 h6 15.Bxh6 Bxh6
16.Qxh6 Nxg4 17.Qh4 Ngf6 18.Qh6 Ng4 19.Qh4 Ngf6 20.Nd5 Nxd5 21.cxd5 Nf6 22.e4 a5
23.Qh6 Ng4 24.Qh4 Nf6 25.Qh6 Ng4 26.Qg5 Nf6 27.Nd4 Rc5 28.Rxc5 bxc5 29.Ne6  1-0

[Event "2nd Bundesliga Ost 2005-6"]
[Site "Austria AUT"]
[Date "2006.02.25"]
[Round "8"]
[White "Siebrecht,S"]
[Black "Papp,Ga"]
[Result "0-1"]
[WhiteElo "2429"]
[BlackElo "2485"]

1.Nf3 Nf6 2.g3 b6 3.Bg2 Bb7 4.O-O c5 5.c4 g6 6.Nc3 Bg7 7.d4 cxd4 8.Qxd4 d6
9.Rd1 Nbd7 10.Be3 Rc8 11.Rac1 O-O 12.Qh4 Re8 13.b3 a6 14.g4 b5 15.cxb5 Qa5
16.bxa6 Bxa6 17.Bd2 h5 18.h3 hxg4 19.hxg4 Nh7 20.Na4 Qd8 21.Rxc8 Qxc8 22.Rc1 Qb8
23.Bc3 e5 24.e3 d5 25.Ng5 Nxg5 26.Qxg5 Bf6 27.Qh6 d4 28.Bd5 Nf8 29.Bd2 Qd8
30.e4 Qd7 31.Qh3 Qe7 32.Nc5 Bc8 33.Bb4 Qa7 34.a3 Nh7 35.Nb7 Ng5 36.Qh6 Be6
37.Nd6 Nf3+ 38.Kg2 Bg5 39.Qxg5 Nxg5 40.Nxe8 Bxd5 41.exd5 Qa6 42.Be7 Ne4 43.d6 Qe2
44.Nf6+ Nxf6 45.Bxf6 Qxg4+ 46.Kh2 Qf4+ 47.Kg2 Qxc1  0-1

[Event "TCh-CZE Extraliga 2005-6"]
[Site "Czech Rep CZE"]
[Date "2006.02.25"]
[Round "8"]
[White "Jurek,J"]
[Black "Cifka,S"]
[Result "1/2-1/2"]
[WhiteElo "2384"]
[BlackElo "2310"]

1.Nf3 Nf6 2.c4 b6 3.g3 c5 4.Bg2 Bb7 5.O-O g6 6.Nc3 Bg7 7.d4 cxd4 8.Qxd4 O-O
9.Qh4 d6 10.Bh6 Nbd7 11.Nd5 e6 12.Bxg7 Kxg7 13.Nxf6 Nxf6 14.Rfd1 Qe7 15.Ne1 Rfd8
16.Rd2 Bxg2 17.Nxg2 d5 18.cxd5  1/2-1/2

[Event "Bundesliga 2005-6"]
[Site "Kirchheim GER"]
[Date "2006.03.12"]
[Round "13"]
[White "Gschnitzer,O"]
[Black "Berndt,S"]
[Result "1/2-1/2"]
[WhiteElo "2427"]
[BlackElo "2447"]

1.Nf3 Nf6 2.c4 b6 3.g3 Bb7 4.Bg2 c5 5.O-O g6 6.Nc3 Bg7 7.d4 cxd4 8.Qxd4 d6
9.Be3 Nbd7 10.Rac1 Rc8 11.b3 O-O 12.Qd2 a6 13.Rfd1 Re8 14.Ne1 Bxg2 15.Nxg2 Qc7
16.Nf4 Qb7 17.f3 b5 18.cxb5 axb5 19.Ncd5 Nxd5 20.Nxd5 Nf6 21.Rxc8 Rxc8 22.Nb6 Rc6
23.Qa5 Rc2 24.Kf2 h5 25.a4 bxa4 26.bxa4 Kh7 27.Qb5 Rb2 28.Qa5 Nd7 29.Nxd7 Qxd7
30.Bd4 Bxd4+  1/2-1/2

[Event "Trophee Universitaire"]
[Site "La Roche-sur-Yon FRA"]
[Date "2006.03.24"]
[Round "9"]
[White "Werle,J"]
[Black "Sasikiran,K"]
[Result "1-0"]
[WhiteElo "2514"]
[BlackElo "2670"]

1.Nf3 Nf6 2.c4 b6 3.g3 c5 4.Bg2 Bb7 5.O-O g6 6.Nc3 Bg7 7.d4 cxd4 8.Qxd4 d6
9.Rd1 Nbd7 10.Be3 Rc8 11.Rac1 O-O 12.Qh4 a6 13.b3 Rc7 14.Bh3 Qb8 15.Bh6 Bxh6
16.Qxh6 Bxf3 17.exf3 b5 18.Bxd7 Rxd7 19.Rd4 b4 20.Nd5 Nxd5 21.cxd5 e5 22.dxe6 fxe6
23.Qd2 a5 24.Rc6 Rfd8 25.f4 Kf7 26.Ra6 Qb5 27.Raxd6 Rxd6 28.Rxd6 Rxd6 29.Qxd6 h5
30.Qe5 Qb6 31.Qe3 Qc7 32.h3 h4 33.g4 Qc3 34.Qa7+ Kf8 35.Qa8+ Kf7 36.Qb7+ Kf8
37.Qe4 Kf7 38.Kg2 Qc5 39.Qb7+ Kf8 40.Qa8+ Kf7 41.Qb7+ Kf8 42.Qd7 e5 43.f5 gxf5
44.Qxf5+ Ke7 45.g5 Qd5+ 46.Kh2 Qd6 47.Qh7+ Ke8 48.Qxh4 Qd2 49.Qh8+ Kd7 50.Qg7+ Kc6
51.Qf6+ Kb7 52.g6 Qxa2 53.Qf7+ Ka6 54.g7  1-0

[Event "Amber Rapid"]
[Site "Monte Carlo MNC"]
[Date "2006.03.24"]
[Round "6"]
[White "Topalov,V"]
[Black "Grischuk,A"]
[Result "1-0"]
[WhiteElo "2801"]
[BlackElo "2717"]

1.Nf3 Nf6 2.c4 b6 3.g3 c5 4.Bg2 Bb7 5.O-O g6 6.d4 cxd4 7.Qxd4 Bg7 8.Nc3 d6
9.Rd1 Nbd7 10.Be3 Rc8 11.Rac1 a6 12.b3 O-O 13.Qh4 Rc7 14.Bh3 Qb8 15.Bh6 Rd8
16.Ng5 Nf8 17.a4 Rc5 18.Bxg7 Kxg7 19.b4 Rc7 20.Nd5 Bxd5 21.cxd5 Rxc1 22.Rxc1 h6
23.Nf3 Nxd5 24.Nd4 Re8 25.Nc6 Qc7 26.Bg2 Nf6 27.Qc4 Qc8 28.e3 N8d7 29.Bf1 b5
30.axb5 axb5 31.Qxb5 Qc7 32.Qa4 e6 33.b5 Rc8 34.Qd4 d5 35.Ra1 Qd6 36.Ra6 e5
37.Qa1 Re8 38.Qc3 Ne4 39.Qb2 Nef6 40.Nb4 Qc5 41.Rc6 Qa7 42.Na6 Qb7 43.h3 h5
44.Nc7 Rb8 45.Qa2 d4 46.Bg2 dxe3 47.Rxf6 exf2+ 48.Rxf2 Qxc7 49.Qxf7+ Kh6
50.Bc6 Rd8 51.Qe7 Qb6 52.Kg2 e4 53.h4 e3 54.Rf7  1-0

[Event "2nd Bundesliga Mitte 2005-6"]
[Site "Austria AUT"]
[Date "2006.03.25"]
[Round "10"]
[White "Bawart,M"]
[Black "Hellmayr,A"]
[Result "1/2-1/2"]
[WhiteElo "2358"]
[BlackElo "2313"]

1.Nf3 Nf6 2.g3 b6 3.Bg2 Bb7 4.O-O c5 5.c4 g6 6.Nc3 Bg7 7.a3 O-O 8.Rb1 d5
9.Ne1 Qd7 10.Nd3 Rd8 11.b4 cxb4 12.axb4 dxc4 13.Ne5 Qc8 14.Bxb7 Qxb7 15.Nxc4  1/2-1/2

[Event "7th ch-Euro"]
[Site "Kusadasi TUR"]
[Date "2006.04.07"]
[Round "4"]
[White "Nyback,T"]
[Black "Saric,A"]
[Result "1-0"]
[WhiteElo "2562"]
[BlackElo "2455"]

1.Nf3 Nf6 2.c4 b6 3.g3 Bb7 4.Bg2 c5 5.O-O g6 6.Nc3 Bg7 7.d4 cxd4 8.Qxd4 d6
9.Rd1 Nbd7 10.Be3 Rc8 11.Rac1 O-O 12.Qh4 a6 13.b3 Rc7 14.Bh3 Qa8 15.g4 h6
16.Nd4 g5 17.Qg3 b5 18.Nf5 Ne5 19.f4 gxf4 20.Bxf4 Ng6 21.Bxh6 Bxh6 22.Nxh6+ Kh7
23.Nf5 bxc4 24.Qe3 Kg8 25.Na4 d5 26.Nb6 Qb8 27.bxc4 dxc4 28.g5 Ne4 29.Nd7 Rxd7
30.Rxd7 Bc8 31.Nxe7+ Nxe7 32.Rxe7 Bxh3 33.Rxe4  1-0

[Event "Open NOR-ch"]
[Site "Oslo NOR"]
[Date "2006.04.09"]
[Round "2"]
[White "Ekeberg,C"]
[Black "Carlsen,H"]
[Result "1-0"]
[WhiteElo "2272"]
[BlackElo "2062"]

1.Nf3 Nf6 2.c4 b6 3.g3 Bb7 4.Bg2 c5 5.O-O g6 6.Nc3 Bg7 7.d4 cxd4 8.Qxd4 O-O
9.Qh4 Na6 10.Bh6 Nc5 11.Rfd1 Rc8 12.Rac1 Nce4 13.Ng5 Nxc3 14.Rxc3 Bxg2 15.Kxg2 Rc5
16.Rf3 Qc7 17.Bxg7 Kxg7 18.Rxf6 Rxg5 19.Rxf7+ Rxf7 20.Qxg5 Qxc4 21.Qe5+ Kg8
22.Rxd7 Qxa2 23.h4 Qc4 24.Rxa7 b5 25.Ra8+ Rf8 26.Rxf8+ Kxf8 27.Qh8+ Kf7 28.Qxh7+ Kf6
29.Qh8+ Kf7 30.Qe5 Qc6+ 31.e4 Qb6 32.h5 gxh5 33.Qxh5+ Kg7 34.Qe5+ Kf7 35.g4 b4
36.g5 b3 37.Qf5+ Kg7 38.g6 Qd4 39.Qf7+ Kh6 40.Qh7+ Kg5 41.g7 Kf6 42.g8=Q  1-0

[Event "7th ch-Euro"]
[Site "Kusadasi TUR"]
[Date "2006.04.13"]
[Round "9"]
[White "Galkin,A"]
[Black "Balogh,C"]
[Result "1/2-1/2"]
[WhiteElo "2616"]
[BlackElo "2561"]

1.Nf3 Nf6 2.c4 b6 3.g3 Bb7 4.Bg2 c5 5.O-O g6 6.b3 Bg7 7.Bb2 O-O 8.Nc3 d5
9.Nxd5 Nxd5 10.Bxg7 Kxg7 11.cxd5 Qxd5 12.d4 cxd4 13.Qxd4+ Qxd4 14.Nxd4 Bxg2
15.Kxg2 Rc8  1/2-1/2

[Event "43rd ch-IND"]
[Site "Visakhapatnam IND"]
[Date "2006.04.16"]
[Round "20"]
[White "Arun Prasad,S"]
[Black "Venkatesh,M"]
[Result "1/2-1/2"]
[WhiteElo "2384"]
[BlackElo "2438"]

1.Nf3 Nf6 2.g3 b6 3.Bg2 Bb7 4.O-O g6 5.c4 c5 6.Nc3 Bg7 7.d4 cxd4 8.Qxd4 d6
9.Rd1 Nbd7 10.Be3 O-O 11.Qh4 Rc8 12.Rac1 a6 13.b3 Rc7 14.Bh3 Qb8 15.Bh6 Bxf3
16.exf3 Ne5 17.Bg2 b5 18.Bxg7 Kxg7 19.cxb5 Rfc8 20.Qb4 Qb6 21.Ne2 Rxc1 22.Nxc1 Rc2
23.Rf1 axb5 24.a4 Ne4 25.Qxb5 Qd4 26.Ne2 Qd2 27.f4 Rc5 28.Qb7 Ng4  1/2-1/2

[Event "SAP IM"]
[Site "Walldorf GER"]
[Date "2006.04.18"]
[Round "8"]
[White "Bach,E"]
[Black "Hasecic,S"]
[Result "0-1"]
[WhiteElo "2296"]
[BlackElo "2247"]

1.Nf3 b6 2.g3 c5 3.Bg2 Bb7 4.c4 Nf6 5.O-O g6 6.b3 Bg7 7.Bb2 O-O 8.Nc3 d6
9.e3 Nbd7 10.d4 e6 11.Qe2 a6 12.a4 Qc7 13.Rac1 Ne4 14.Rfd1 Ndf6 15.Nxe4 Bxe4
16.Ne1 Bxg2 17.Nxg2 Qb7 18.Ne1 Ne4 19.Rc2 Rfe8 20.f3 Nf6 21.Rcd2 Rab8 22.dxc5 bxc5
23.Rd3 d5 24.Be5 Rbd8 25.Qb2 Qe7 26.Kf2 d4 27.exd4 cxd4 28.Bxd4 e5 29.Bc3 Rxd3
30.Nxd3 e4 31.Nf4 exf3 32.Bxf6 Bxf6 33.Qd2 g5 34.Nd5 Bd4+  0-1

[Event "8th Dubai Open"]
[Site "Dubai UAE"]
[Date "2006.04.30"]
[Round "8"]
[White "Izoria,Z"]
[Black "Sargissian,G"]
[Result "1/2-1/2"]
[WhiteElo "2647"]
[BlackElo "2612"]

1.Nf3 Nf6 2.c4 b6 3.g3 c5 4.Bg2 Bb7 5.O-O g6 6.Nc3 Bg7 7.d4 cxd4 8.Qxd4 O-O
9.Qh4 d6 10.Bh6 Nbd7 11.Rfd1 Rc8 12.b3 a6 13.Rac1 Rc5 14.Bxg7 Kxg7 15.Ne1 Qa8
16.Qd4 Bxg2 17.Nxg2 b5 18.Ne3 bxc4 19.Nxc4 Rfc8  1/2-1/2

[Event "37th Olympiad w"]
[Site "Turin ITA"]
[Date "2006.06.03"]
[Round "12"]
[White "Aketaeva,D"]
[Black "Jackova,J"]
[Result "0-1"]
[WhiteElo "2328"]
[BlackElo "2389"]

1.Nf3 Nf6 2.c4 b6 3.g3 Bb7 4.Bg2 c5 5.O-O g6 6.Nc3 Bg7 7.d4 cxd4 8.Nxd4 Bxg2
9.Kxg2 O-O 10.Bg5 h6 11.Bxf6 Bxf6 12.Nd5 Bg7 13.Rc1 Nc6 14.e3 Rc8 15.b3 e6
16.Nc3 Nxd4 17.exd4 d6 18.Qd3 Qf6 19.Rfd1 Rfd8 20.d5 e5 21.Re1 Rf8 22.Nb5 Ra8
23.Nc7 Rac8 24.Nb5 Ra8 25.Nc7 Rac8 26.Na6 Qd8 27.Nb4 Qd7 28.Nc6 Rce8 29.b4 f5
30.f3 Rf7 31.Re2 Ref8 32.Rce1 Kh7 33.a4 h5 34.f4 e4 35.Qe3 Qb7 36.Rb1 Rd7
37.Ra2 a6 38.Qe2 Rc8 39.a5 Rxc6 40.dxc6 Qxc6 41.b5 axb5 42.cxb5 Qb7 43.a6 Qa8
44.Qc4 d5 45.Qc6 Qa7 46.Qxd7 Qxd7 47.a7 e3 48.a8=Q Qe6 49.Re1 Qe4+ 50.Kg1 e2
51.Rexe2 Bd4+ 52.Rf2 h4 53.gxh4 Bxf2+ 54.Rxf2 Qe1+ 55.Kg2 Qe4+ 56.Kg3 Qe3+
57.Rf3 Qg1+ 58.Kh3 Qg4+  0-1

[Event "Open A"]
[Site "Voronezh RUS"]
[Date "2006.06.19"]
[Round "7"]
[White "Barbashin,I"]
[Black "Kostin,Alexe"]
[Result "1-0"]
[WhiteElo "2264"]
[BlackElo "2420"]

1.Nf3 c5 2.g3 b6 3.Bg2 Bb7 4.O-O Nf6 5.c4 g6 6.Nc3 Bg7 7.d4 cxd4 8.Nxd4 Bxg2
9.Kxg2 O-O 10.e4 d6 11.b3 Qc7 12.Be3 Qb7 13.f3 Nbd7 14.Qd2 a6 15.Nd5 e6 16.Nxf6+ Nxf6
17.Rac1 Rfd8 18.Rfd1 b5 19.Qb4 Bf8 20.Bg5 Bg7 21.cxb5 axb5 22.a4 Rdb8 23.Nxb5 d5
24.Bxf6 Bxf6 25.exd5 exd5 26.Qd6 Kg7 27.Rc7 Qb6 28.Rc6 Qd8 29.Rxd5 Qxd6 30.Rdxd6 Bb2
31.Rd7 Re8 32.Nc7 Rac8 33.Ne6+ Kf6 34.Rdc7  1-0

[Event "20th Open"]
[Site "Pula CRO"]
[Date "2006.06.21"]
[Round "5"]
[White "Tratar,M"]
[Black "Ekeberg,C"]
[Result "1/2-1/2"]
[WhiteElo "2499"]
[BlackElo "2272"]

1.Nf3 Nf6 2.c4 b6 3.g3 c5 4.Bg2 Bb7 5.O-O g6 6.Nc3 Bg7 7.d4 cxd4 8.Qxd4 d6
9.Be3 Nbd7 10.Rac1 O-O 11.Qh4 Rc8 12.b3 a6 13.Rfd1 Rc7 14.Bh3 Qb8 15.Bg5 Re8
16.Nd5 Bxd5 17.cxd5 Rxc1 18.Rxc1 Qb7 19.Bxd7 Nxd7 20.Qc4 Nc5 21.b4 b5 22.Qc2 Na4
23.Qc6 Qxc6 24.Rxc6 Nc3 25.Bd2 Nxd5 26.Rxa6 Bc3 27.Bxc3 Nxc3 28.e3 Rc8 29.a3 Rc4
30.Nd4 e5 31.Nc6 Kf8 32.Na5 Rc7 33.Rxd6 Nb1 34.Rd5 Nxa3 35.Rxe5 Rc2 36.g4 h6
37.h4 Kg7 38.h5 Rb2 39.Nc6 Kf6 40.Rd5 Ke6 41.e4 Kf6 42.e5+ Kg7 43.hxg6 Kxg6
44.Rd6+ Kg7 45.Rd7 Kf8 46.Nd4 Rxb4 47.Rd8+ Kg7 48.Nf5+ Kh7 49.f3 Nc4 50.Re8 Rb2
51.f4 Re2 52.Rf8 b4 53.Rxf7+ Kh8 54.Nd4 Rd2 55.Rf8+ Kh7 56.Nb3 Rb2 57.Nc5 Re2
58.Rf7+ Kg8 59.Rb7 Ne3 60.Rb8+ Kh7 61.Rxb4 Nxg4 62.e6 Kg6 63.Re4 Rxe4 64.Nxe4 Ne3
65.Kf2 Nd5 66.Kf3 Kf5 67.Nc5 Ne7 68.Kg3  1/2-1/2

[Event "Open A"]
[Site "Voronezh RUS"]
[Date "2006.06.21"]
[Round "9"]
[White "Khashimov,V"]
[Black "Kostin,Alexe"]
[Result "0-1"]
[WhiteElo "2232"]
[BlackElo "2420"]

1.Nf3 Nf6 2.c4 c5 3.g3 b6 4.Bg2 Bb7 5.O-O g6 6.Nc3 Bg7 7.d4 cxd4 8.Nxd4 Bxg2
9.Kxg2 Qc7 10.Qd3 Na6 11.e4 Nc5 12.Qf3 Nfxe4 13.Ncb5 Qb7 14.b4 a6 15.bxc5 axb5
16.c6 dxc6 17.Qxe4 f5 18.Qe3 c5+ 19.Qf3 Qxf3+ 20.Nxf3 Bxa1 21.cxb5 Rxa2 22.Bf4 Bf6
23.Bc7 Rb2 24.Rd1 O-O 25.Bxb6 Rxb5 26.Bc7 Rc8  0-1

[Event "Open A"]
[Site "Balatonlelle HUN"]
[Date "2006.06.22"]
[Round "6"]
[White "Pinter,J"]
[Black "Banusz,T"]
[Result "1/2-1/2"]
[WhiteElo "2532"]
[BlackElo "2460"]

1.Nf3 c5 2.g3 b6 3.Bg2 Bb7 4.O-O Nf6 5.c4 g6 6.b3 Bg7 7.Bb2 O-O 8.Nc3 d6
9.d4 cxd4 10.Nxd4 Bxg2  1/2-1/2

[Event "6th TCh-Euro u18 Girls"]
[Site "Balatonlelle HUN"]
[Date "2006.07.12"]
[Round "1"]
[White "Franciskovic,B"]
[Black "Bjeloglav,M"]
[Result "1/2-1/2"]
[WhiteElo "2160"]
[BlackElo "2037"]

1.c4 c5 2.Nf3 Nf6 3.g3 b6 4.Bg2 Bb7 5.O-O g6 6.Nc3 Bg7 7.d4 cxd4 8.Qxd4 O-O
9.Qh4 d6 10.Bh6 Nbd7 11.Rac1 Rc8 12.Bxg7 Kxg7 13.b3 Rc5 14.Qd4 Qa8 15.Rfd1 Rfc8
16.Bh3 Kg8 17.Qe3 Re8 18.Rd4 Ne5 19.Ng5 Bc8 20.Bg2 Bb7 21.Bxb7 Qxb7 22.Nge4 Nxe4
23.Rxe4 f5 24.Rh4 e6 25.Rd1 Qe7 26.Rhd4 Nf7 27.Nb5 Rd8 28.Qd2 d5 29.Nc3 Rdc8
30.Na4 R5c7 31.Nb2 dxc4 32.Nxc4 e5 33.Rd5 e4 34.Qd4 Qe6 35.Nd6 Nxd6 36.Rxd6 Qf7
37.Rf6 Qe7 38.Qd5+ Kg7 39.Re6 Qc5 40.Qd2 b5 41.Qb2+ Kg8 42.Red6 Qc3 43.Qa3 Qc5
44.Qa6 Rc6 45.Rxc6 Rxc6 46.Qb7 Rc7 47.Rd8+ Kg7 48.Qb8 e3 49.Rg8+ Kh6 50.f3 Qc1+
51.Kg2 Qc5 52.Qd8 Qe7 53.Qxe7 Rxe7 54.Rb8 a6 55.Rb6 Rc7 56.Rxa6 Rc2 57.f4 Rxe2+
58.Kf3 Rxh2 59.Kxe3 Kh5 60.Kf3 Rc2 61.Ra5  1/2-1/2

[Event "16th Heart of Finland Open"]
[Site "Jyvaskyla FIN"]
[Date "2006.07.14"]
[Round "6"]
[White "Akesson,R"]
[Black "Nyback,T"]
[Result "0-1"]
[WhiteElo "2449"]
[BlackElo "2587"]

1.Nf3 Nf6 2.c4 b6 3.g3 c5 4.Bg2 Bb7 5.O-O g6 6.Nc3 Bg7 7.d4 cxd4 8.Qxd4 d6
9.Rd1 Nbd7 10.Be3 Rc8 11.Rac1 a6 12.b3 O-O 13.Qh4 Rc7 14.Bh3 Qb8 15.Bg5 Re8
16.Nd5 Nxd5 17.cxd5 Nf6 18.Rxc7 Qxc7 19.Rc1 Qd8 20.e4 b5 21.Rc2 Nd7 22.Be3 b4
23.Ng5 Nf6 24.Bd4 Qb8 25.Bxf6 exf6 26.Qxh7+ Kf8 27.Nxf7 Rxe4 28.Rc1 Bxd5
29.Nh8 g5 30.Qf5 Qb7 31.Ng6+ Kf7 32.Bg2 Rd4 33.Re1 Bxg2 34.Re7+ Qxe7 35.Nxe7 Be4
36.Qg4 Kxe7 37.f3 Rd1+ 38.Kf2 Bd5 39.Qc8 Be6  0-1

[Event "ch-SUI"]
[Site "Lenzerheide SUI"]
[Date "2006.07.18"]
[Round "6"]
[White "Wirthensohn,H"]
[Black "Landenbergue,C"]
[Result "1/2-1/2"]
[WhiteElo "2397"]
[BlackElo "2440"]

1.Nf3 c5 2.c4 b6 3.g3 Bb7 4.Bg2 Nf6 5.O-O g6 6.b3 Bg7 7.Bb2 O-O 8.Nc3 d5
9.Nxd5 Nxd5 10.Bxg7 Kxg7 11.cxd5 Qxd5 12.d4 cxd4 13.Qxd4+ Qxd4 14.Nxd4 Bxg2
15.Kxg2 Rc8  1/2-1/2

[Event "XI Open"]
[Site "Balaguer ESP"]
[Date "2006.07.23"]
[Round "7"]
[White "Karavade,E"]
[Black "Konguvel,P"]
[Result "1/2-1/2"]
[WhiteElo "2316"]
[BlackElo "2404"]

1.Nf3 Nf6 2.c4 c5 3.g3 b6 4.Bg2 Bb7 5.O-O g6 6.Nc3 Bg7 7.d4 cxd4 8.Qxd4 d6
9.Be3 Nbd7 10.Rac1 Rc8 11.b3 a6 12.Rfd1 O-O 13.Qh4 Rc7 14.Bh3 Qb8 15.g4 e6
16.g5 Ne8 17.Bg2 b5 18.Ne4 bxc4 19.bxc4 d5 20.cxd5 Bxd5 21.Nc5 Nxc5 22.Bxc5 Nd6
23.Rb1 Qxb1 24.Rxb1 Rxc5 25.Qa4 Rfc8 26.Qxa6 Ne4 27.Bf1 Nc3 28.Re1 Bxa2 29.e4 Bb3
30.h4 R5c6 31.Qd3 Bc4 32.Qd7 R6c7 33.Qd2 Bxf1 34.Kxf1 Nb5 35.Qd3 Rc3 36.Qd7 Na3
37.Kg2 R3c7 38.Qd6 Nc4 39.Qf4 Rc5 40.Rb1 Nb2 41.Qd6 Rc2 42.Qd7 R2c7 43.Qd6 Rc6
44.Qd7 R6c7 45.Qd6 Rc6 46.Qd7  1/2-1/2

[Event "Politiken Cup"]
[Site "Copenhagen DEN"]
[Date "2006.07.27"]
[Round "6"]
[White "Gretarsson,Hj"]
[Black "Sykes,C"]
[Result "1-0"]
[WhiteElo "2139"]
[BlackElo "1922"]

1.c4 c5 2.Nf3 b6 3.g3 Bb7 4.Bg2 Nf6 5.O-O g6 6.b3 Bg7 7.Bb2 O-O 8.d3 d5 9.Nbd2 d4
10.Qc2 Nc6 11.Rae1 Qc7 12.e3 e5 13.e4 h6 14.Nh4 Kh7 15.f4 Ng4 16.Qb1 exf4
17.Rxf4 Nxh2 18.Kxh2 g5 19.Nf5 gxf4 20.Rh1 fxg3+ 21.Kg1 Bc8 22.Qf1 Ne7 23.Bc1 Nxf5
24.exf5 Bb7 25.Bxb7 Qxb7 26.f6 Qd7 27.Ne4 Rg8 28.fxg7 g2 29.Qxg2 Rxg7 30.Rxh6+ Kg8
31.Nf6+  1-0

[Event "Czech Open A"]
[Site "Pardubice CZE"]
[Date "2006.07.27"]
[Round "7"]
[White "Votava,J"]
[Black "Plischki,S"]
[Result "1-0"]
[WhiteElo "2555"]
[BlackElo "2387"]

1.c4 c5 2.Nf3 Nf6 3.g3 b6 4.Bg2 Bb7 5.O-O g6 6.Nc3 Bg7 7.Re1 Ne4 8.Nxe4 Bxe4
9.d4 cxd4 10.Bh6 Bxh6 11.Qxd4 O-O 12.Qxe4 Nc6 13.Rad1 Bg7 14.b3 Rc8 15.h4 d6
16.h5 Nb8 17.hxg6 hxg6 18.Ng5 Bf6 19.Nh3 Nd7 20.Nf4 Bg7 21.Qb1 Rc5 22.e3 Re8
23.Re2 Nf6 24.Red2 Qb8 25.Nd3 Rc7 26.a4 a5 27.Nf4 Rc5 28.Ne2 Nd7 29.Nd4 Bxd4
30.exd4 Rc7 31.d5 Nc5 32.Be4 e5 33.dxe6 Rxe6 34.Bd5 Rf6 35.Re2 Qc8 36.Qb2 Qg4
37.Qxf6 Qxe2 38.Qxg6+ Kh8 39.Rd4  1-0

[Event "93rd ch-GBR"]
[Site "Swansea WLS"]
[Date "2006.08.07"]
[Round "1"]
[White "Knott,S"]
[Black "Roberson,P"]
[Result "0-1"]
[WhiteElo "2387"]
[BlackElo "2122"]

1.Nf3 Nf6 2.c4 b6 3.g3 c5 4.Bg2 Bb7 5.O-O g6 6.Nc3 Bg7 7.d4 cxd4 8.Qxd4 d6
9.Rd1 Nbd7 10.Be3 Rc8 11.Rac1 O-O 12.Qh4 a6 13.b3 Rc7 14.Bh3 Qb8 15.g4 b5
16.g5 Ne8 17.Nd5 Bxd5 18.cxd5 Nb6 19.Qe4 Qb7 20.Bxb6 Qxb6 21.Rc6 Rxc6 22.dxc6 e6
23.Qc2 b4 24.Nd2 d5 25.e4 Nc7 26.Bg2 Rd8 27.exd5 exd5 28.Ne4 Bd4 29.Nf6+ Bxf6
30.gxf6 Rd6 31.Qd2 Rxf6 32.Bxd5 Nxd5 33.Qxd5 Qxc6 34.Qxc6 Rxc6 35.Rd8+ Kg7
36.Rb8 Rc2 37.Rxb4 Rxa2 38.Rb7 Ra5 39.Re7 Ra3 40.b4 Ra4 41.Kg2 h5 42.Rb7 g5
43.h3 Kg6 44.b5 axb5 45.Rxb5 Re4 46.Ra5 f6 47.Rb5 Re5 48.Rb8 Kf5 49.Rh8 h4
50.Rf8 Re6 51.Rf7 Kf4 52.Rf8 f5 53.Rf7 Ra6 54.Rb7 Ra4 55.Rh7 Ra3 56.Rb7 g4
57.Rb4+ Kg5 58.hxg4 h3+ 59.Kh2 f4 60.Rb2 Kxg4 61.Rc2 Ra1 62.Rb2 Kf3 63.Rb3+ Kxf2
64.Rb2+ Kf3 65.Rb3+ Kg4 66.Rb2 Re1 67.Rf2 Re3 68.Ra2 Re4 69.Ra8 Re2+ 70.Kg1 Kg3
71.Rg8+ Kf3 72.Rf8 Rg2+ 73.Kf1 Rg4 74.Rh8 Kg3 75.Kg1 f3 76.Rf8 h2+ 77.Kh1 Re4
78.Re8 f2 79.Rg8+ Kf3 80.Rf8+ Rf4 81.Rxf4+ Kxf4 82.Kxh2 Ke3 83.Kg2 Ke2  0-1

[Event "FSIMA August"]
[Site "Budapest HUN"]
[Date "2006.08.08"]
[Round "4"]
[White "Rees,I"]
[Black "Petran,Pa"]
[Result "1/2-1/2"]
[WhiteElo "2241"]
[BlackElo "2383"]

1.Nf3 Nf6 2.c4 b6 3.g3 Bb7 4.Bg2 c5 5.O-O g6 6.Nc3 Bg7 7.Re1 d6 8.e4 e5 9.d3 Nc6
10.Rb1 O-O 11.a3 Nd4 12.Nxd4 cxd4 13.Nd5 Nxd5 14.exd5 Qd7 15.b4 Rac8 16.Qb3 Rfe8
17.Bd2  1/2-1/2

[Event "16th Open"]
[Site "Abu Dhabi UAE"]
[Date "2006.08.12"]
[Round "1"]
[White "Ibrahimov,R"]
[Black "Lalith,B"]
[Result "1-0"]
[WhiteElo "2528"]
[BlackElo "2297"]

1.Nf3 Nf6 2.c4 b6 3.g3 c5 4.Bg2 Bb7 5.O-O g6 6.d4 cxd4 7.Qxd4 Bg7 8.Nc3 O-O
9.Qh4 d6 10.Bg5 Nbd7 11.Rac1 Rc8 12.b3 Re8 13.Rfd1 Nc5 14.Bh3 Rb8 15.Bh6 Nfe4
16.Bxg7 Kxg7 17.b4 Nxc3 18.Qd4+ Kg8 19.Qxc3 Ne4 20.Qe3 Qc7 21.Nd4 a6 22.Nb3 Nf6
23.c5 Qc6 24.f3 bxc5 25.bxc5 dxc5 26.Qxc5 Qa4 27.Qa5 Qxa5 28.Nxa5 Bd5 29.Rd2 Rb6
30.e4 Be6 31.Bxe6 Rxe6 32.Rc7 Kf8 33.Nb3 Rb6 34.Kf2 Ng8 35.Ke3 Ra8 36.f4 a5
37.Rdc2 Kg7 38.Nd4 a4 39.Nc6 Kf8 40.Ne5 Kg7 41.Nd3 a3 42.Rc8 Ra7 43.R8c7 Ra8
44.g4 h6 45.h4 Nf6 46.Kf3 Ng8 47.g5 hxg5 48.hxg5 Rb1 49.Rc1 Rb5 50.Ke3 Rb6
51.Rc8 Ra7 52.R1c7 Rba6 53.Rc3 f6 54.e5 fxg5 55.fxg5 e6 56.Nb4 Rb6 57.Nc6 Rf7
58.Rxa3 Rb5 59.Ke4 Ne7  1-0